000 00341nam a2200157Ia 4500
005 20250425161346.0
008 250425s9999 xx 000 0 und d
041 _aspa
082 _a793.74
245 0 _aMATEMATICAS RECREATIVAS
250 _aS.E.
260 _aS.L.
260 _aSin Pais
_bMIR
_c1985
942 _c01
010 _a18524
999 _c207640
_d207640